000 01515nam a2200385 i 4500
003 EG-GICUC
005 20260211133059.0
008 260211s1948 -uk |||| |||| 00| 0 eng d
040 _aEG-GICUC
_cEG-GICUC
_dEG-GICUC
_erda
_beng
041 0 _aeng
_beng
_deng
049 _aDeposit
082 0 4 _221
_a348.8042
097 _aPh.D
099 _aLaw 12 PHD 1948
100 0 _aBarakat
_eAuthor
245 1 2 _aThe Status of Aliens in Egypt Since 1937, with a Sketch of the Historical Development of Their Position and a Comparison of the Present Law in Egypt with the British Law as to Aliens /
_cby G.D. Barakat.
264 0 _aEngland :
_bUniversity of Oxford - Oriel College,
_c1948.
300 _a336 Pages ;
_c24 cm.
336 _2rda content
_aText
337 _2rda media
_aunmediated
338 _2rda carrier
_avolume
500 _aEng.
502 _a PHD Thesis - University of Oxford, Oriel College, Department of Private International Law , 1948.
504 _aIncludes bibliographic references.
546 _aText in English and abstract in English.
650 0 4 _aPrivate International Law
653 0 _a.
655 4 _aUniversity theses
_zUniversity of Oxford
_xDepartment of Private International Law
700 0 _a.
_eAnnotator.
710 2 _aUniversity of Oxford.
_bOriel College
856 _uhttps://fll.law.cu.edu.eg/fulltext/th/T12-00374.pdf
900 _b1948
_UCairo University
_FFaculty of Law
_DDepartment of Private International Law
905 _a64
942 _2ddc
_n0
_cTH
_e21
999 _c62602